000 01034nam a2200289 a 4500
001 15163
003 BD-RjUL
005 20211208235749.0
008 140209s1984 enk 00000 eng d
020 _a0333373022 :
035 _a(BD-RjUL)15217
035 _a(BD-RjUL)
040 _dWCX
_dBD-RjUL
_aBD-RjUL
_beng
_cBD-RjUL
041 _aeng
082 0 _a657.3
_219
_bINT
245 0 0 _aInternational financial reporting :
_ba comparative international survey of accounting requirements and practices in 30 countries /
_cedited by S.J. Gray, L.G. Campbell, J.C. Shaw.
260 0 _aBasingstoke [England] :
_bMacmillan,
_c1984.
300 _a584 p. ;
_c31 cm.
500 _aCompanies. Financial statements. - Comparative studies (BNB/PRECIS)
650 0 _aFinancial statements.
_947176
650 0 _aComparative accounting.
_946946
700 1 0 _aGray, S. J.
_q(Sidney J.)
_947177
700 1 0 _aCampbell, Leslie G.,
_d1955-
_947178
700 1 0 _aShaw, J. C.
_q(John Calman),
_d1932-
_947179
942 _2ddc
_cBK
999 _c15163
_d15163